000 00540nam a22001817a 4500
005 20251108164331.0
008 250721s1981 xx 000 0 ara d
082 1 4 _a921/غزا
100 1 _aالأعم، عبد الأمير
245 1 0 _aالفيلسوف الغزالي :
_bإعادة تقويم لمنحنى تطوره الروحي /
250 _aط2.
264 1 _aبيروت :
_bدار الأندلس،
_c1981.
300 _a238 ص
650 1 7 _aالتراجم
650 1 7 _aالفلاسفة
942 _2ddc
_cBK
999 _c9567
_d9567